000
00243nam a2200097Ia 4500
001
645928
005
20250826153633.0
008
250824s9999 xx 000 0 und d
245
0
_a
MAVİ HAYAL PEMBE DÜŞ
_c
FATMA PEKŞEN
260
_b
GENÇ TİMAŞ
999
_c
645928
_d
645928